В Остроге (Запис № 458313)
[ простий вигляд ]
| 000 -Лідер | |
|---|---|
| fixed length control field | 00644caa a2200205 4500 |
| 001 - Контрольний номер | |
| control field | 5147850 |
| 003 - Ідентифікатор контрольного номера | |
| control field | UA-OsUOA |
| 005 - Дата та час останнього входження (трансакції) | |
| control field | 20200225115518.0 |
| 008 - Елементи даних фіксованої довжини – загальна інформація | |
| fixed length control field | 200225b un ||||| |||| 00| 0 rus d |
| 040 ## - Джерело каталогізації | |
| Агенція оригінальної каталогізації | UA-OsUOA |
| Мова каталогізації | ukr |
| Агенція, яка здійснювала перезапис | UA-OsUOA |
| Агенція, яка здійснювала модифікацію | UA-OsUOA |
| 041 ## - Код мови | |
| Код мови тексту/ звукової доріжки чи окремого заголовка (П) | rus |
| 080 ## - Індекс Універсальної десяткової класифікації | |
| Індекс Універсальної десяткової класифікації (УДК) (НП) | 908 |
| 090 ## - Локальний шифр розміщення | |
| Класифікаційний індекс УДК | 908 |
| 100 ## - Основне введення – ім’я особи | |
| Ім’я особи (НП) | Немировский Е. Л. |
| 245 ## - Відомості про назву | |
| Назва (НП) | В Остроге |
| Дані про відповідальність (НП) | Е. Л. Немировский |
| 300 ## - Фізичний опис | |
| Обсяг | С. 156–189 |
| 650 ## - Додаткове предметне введення – тематичний термін | |
| Джерело заголовка чи терміна | UDC |
| 773 0# - Введення хост-одиниці (П) | |
| Бібліонома | 313162 |
| Host Itemnumber | 320752 |
| Заголовок основного введення | Немировский Е.Л. |
| Місце, видавець та дата видання (НП) | Москва Наука 1985 |
| Інший ідентифікатор одиниці опису | 69556 |
| Назва (НП) | Иван Федоров (около 1510-1583) |
| Контрольний номер запису (П) | (UA-OsUOA) 26828 |
| 942 ## - Додаткові елементи входу (Коха) | |
| Source of classification or shelving scheme | Universal Decimal Classification |
| Тип елемента Koha | Складова частина документа |
Немає доступних примірників.